00239nam a22000977a 4500020001500000082001100015100001600026245004200042260004800084300000900132 a969432162X a330.15 aM.A. Mannan aIslamic economics theory and practice aLahorebSh.Muhammad Ashraf publishersc2006 a383p